| 000 | 00348nam a22001457a 4500 | ||
|---|---|---|---|
| 003 | SGT | ||
| 020 | _a939348025-7 | ||
| 082 |
_a615.3 _bANS |
||
| 100 | _aANSARI, S.H. | ||
| 245 | _aQUALITY CONTROL AND STANDARDIZATION OF HERBALS | ||
| 260 |
_aINDIA _bBIRLA PUB. _c2026 |
||
| 300 | _a160 | ||
| 650 | _aSTANDARDIZATION OF HERBALS | ||
| 942 |
_2ddc _cBK |
||
| 999 |
_c33076 _d33076 |
||